KOTLC abilities - Statistics

General Stats
  • This quiz has been taken 273 times
  • The average score is 16 of 23
Answer Stats
Answer % Correct
Telepath
97%
Empath
92%
Inflictor
88%
Pyrokinetic
85%
Vanisher
85%
Hydrokinetic
84%
Shade
83%
Technopath
79%
Conjurer
78%
Mesmer
77%
Enhancer
76%
Flasher
76%
Teleporter
76%
Polyglot
74%
Froster
71%
Guster
70%
Phaser
70%
Beguiler
61%
Charger
60%
Descryer
57%
Psionipath
53%
Vociferator
44%
Fluctuator
12%
No matching quizzes found
Score Distribution
Percent of People with Each Score
Percentile by Number Answered
Your Score History
You have not taken this quiz